Normal view
MARC view
Entry Personal Name
001 - CONTROL NUMBER
- control field: 7705
003 - CONTROL NUMBER IDENTIFIER
- control field: dpl
005 - DATE AND TIME OF LATEST TRANSACTION
- control field: 20100806135408.0
008 - FIXED-LENGTH DATA ELEMENTS
- fixed length control field: 100806|||a|||||| | ||| d
040 ## - CATALOGING SOURCE
- Original cataloging agency: dpl
- Transcribing agency: dpl
100 ## - HEADING--PERSONAL NAME
- Personal name: Karunanithi, Kanitha
670 ## - SOURCE DATA FOUND
- Source citation: Work cat.: (dpl): Karunanithi, Kanitha, New century's essays /, 2009
670 ## - SOURCE DATA FOUND
- Source citation: Work cat.: (dpl): Karunanithi, Kanitha, New century's essays /, 2009
